000 00409pab a2200169 454500
008 180718b2013 xxu||||| |||| 00| 0 eng d
100 _aGatade, Subhash
245 _aStatute of unity: How the Varna media is loving it!
260 _c2013
300 _ap.25-28,44.
362 _a28 Dec
650 _aElections - India
650 _aElections
773 _aMainstream
908 _aN
909 _a105498
999 _c105493
_d105493